[Event "RUS-chT U20"]
[Site "Kolomna"]
[Date "2014.08.08"]
[Round "7"]
[White "Velichko, Arseny"]
[Black "Zuev, Alexandr"]
[Result "1/2-1/2"]
[WhiteElo "2042"]
[BlackElo "2045"]
[PlyCount "144"]
[EventDate "2014.08.02"]
[EventType "swiss"]
[EventRounds "9"]
[EventCountry "RUS"]
[SourceTitle "EXT 2016"]
[Source "ChessBase"]
[SourceDate "2015.10.08"]
[SourceVersion "1"]
[SourceVersionDate "2015.10.08"]
[SourceQuality "1"]

1. d4 Nf6 2. c4 e6 3. Nf3 b6 4. g3 Bb7 5. Bg2 Bb4+ 6. Bd2 Be7 7. 0-0 0-0 8. Nc3 d6 9. Qc2 Nbd7 10. e4 e5 11. h3 a5 12. b3 h6 13. Be3 Re8 14. Rad1 Qc8 15. Rfe1 Bf8 16. Kh2 Kh7 17. Nd5 Ra6 18. a3 c6 19. Nc3 g6 20. Rc1 Bg7 21. d5 Ra8 22. Red1 cxd5 23. cxd5 Ba6 24. Nd2 Qb7 25. b4 b5 26. Nb3 axb4 27. axb4 Nb8 28. Na5 Qd7 29. Qb1 Nh5 30. Ne2 Kh8 31. Bf3 Bc8 32. Ng1 Nf6 33. Be2 Na6 34. Rc6 Rb8 35. Rdc1 Ng8 36. R6c2 f5 37. Nc6 Rb7 38. Na5 Rb8 39. Ra2 Nc7 40. Qc2 Na6 41. Nc6 Ra8 42. Qb3 f4 43. Bd2 fxg3+ 44. Qxg3 Qf7 45. Bxb5 Rf8 46. Be3 Bb7 47. Rca1 Nc7 48. Rxa8 Bxa8 49. Ra7 Nf6 50. Qh4 g5 51. Bxg5 Nxe4 52. Qxe4 Qxf2+ 53. Kh1 Nxb5 54. Bh4 Qf4 55. Qxf4 exf4 56. Ra5 Nc3 57. Ne7 Kh7 58. Nf3 Bb7 59. Kg2 Nd1 60. Bf2 Rf7 61. Nc6 Nc3 62. Ra7 Rd7 63. Nb8 Rf7 64. Nc6 Rd7 65. Nb8 Rc7 66. Bb6 Rf7 67. Nc6 Nxd5 68. Nd8 Rd7 69. Rxb7 Rxb7 70. Nxb7 Nxb6 71. Nxd6 Bf8 72. Nf7 Bxb4 1/2-1/2

[Event "Uljanovsk U18"]
[Site "Uljanovsk"]
[Date "2006.12.27"]
[Round "11"]
[White "Zuev, Alexandr"]
[Black "Prikhodko, Anton"]
[Result "1/2-1/2"]
[WhiteElo "2110"]
[BlackElo "1967"]
[PlyCount "47"]
[EventDate "2006.12.18"]
[EventType "tourn"]
[EventRounds "11"]
[EventCountry "RUS"]
[SourceTitle "EXT 2019"]
[Source "ChessBase"]
[SourceDate "2018.10.10"]
[SourceVersion "1"]
[SourceVersionDate "2018.10.10"]
[SourceQuality "1"]

1. e4 c5 2. Nf3 e6 3. d4 cxd4 4. Nxd4 Nf6 5. Nc3 d6 6. Bg5 Be7 7. Qd2 Nc6 8. 0-0-0 a6 9. f4 Bd7 10. Nf3 h6 11. Bh4 b5 12. e5 dxe5 13. fxe5 b4 14. exf6 bxc3 15. Qxc3 Bxf6 16. Bxf6 Qxf6 17. Qxf6 gxf6 18. Be2 Ke7 19. g3 Rhc8 20. c3 e5 21. Nh4 Be6 22. Rhf1 a5 23. Nf5+ Bxf5 24. Rxf5 1/2-1/2

[Event "Uljanovsk U18"]
[Site "Uljanovsk"]
[Date "2006.12.26"]
[Round "10"]
[White "Chikunov, Anatoliy"]
[Black "Zuev, Alexandr"]
[Result "0-1"]
[WhiteElo "2008"]
[BlackElo "2110"]
[PlyCount "56"]
[EventDate "2006.12.18"]
[EventType "tourn"]
[EventRounds "11"]
[EventCountry "RUS"]
[SourceTitle "EXT 2019"]
[Source "ChessBase"]
[SourceDate "2018.10.10"]
[SourceVersion "1"]
[SourceVersionDate "2018.10.10"]
[SourceQuality "1"]

1. e4 c5 2. c3 e6 3. d4 d5 4. e5 Nc6 5. Nf3 Qb6 6. a3 Bd7 7. b4 cxd4 8. cxd4 f6 9. Bd3 f5 10. Bb2 Be7 11. Nc3 Nxd4 12. Nxd4 Qxd4 13. Na4 Qg4 14. Be2 Qxg2 15. Bf3 Qh3 16. Nc3 d4 17. Na4 Nh6 18. Bxd4 0-0 19. Nc5 Bxc5 20. Bxc5 Rfd8 21. Qb3 Ba4 22. Qe3 Ng4 23. Bxg4 Qxg4 24. Bd6 Rac8 25. h3 Qc4 26. f3 Qh4+ 27. Qf2 Qf4 28. Qxa7 Rc2 0-1

[Event "Uljanovsk U18"]
[Site "Uljanovsk"]
[Date "2006.12.23"]
[Round "4"]
[White "Fazlutdinov, Niyz"]
[Black "Zuev, Alexandr"]
[Result "1-0"]
[WhiteElo "2059"]
[BlackElo "2110"]
[PlyCount "84"]
[EventDate "2006.12.18"]
[EventType "tourn"]
[EventRounds "11"]
[EventCountry "RUS"]
[SourceTitle "EXT 2019"]
[Source "ChessBase"]
[SourceDate "2018.10.10"]
[SourceVersion "1"]
[SourceVersionDate "2018.10.10"]
[SourceQuality "1"]

1. d4 Nf6 2. c4 g6 3. Nc3 Bg7 4. e4 d6 5. f3 0-0 6. Be3 Nc6 7. Nge2 Rb8 8. Qd2 a6 9. Nc1 e5 10. d5 Nd4 11. N1e2 Nxe2 12. Bxe2 Nh5 13. 0-0-0 Bd7 14. Kb1 b5 15. cxb5 axb5 16. b4 Nf4 17. Bf1 Qc8 18. Rc1 Qb7 19. Rc2 Rfc8 20. g3 Nh5 21. Be2 f5 22. Rhc1 Nf6 23. Qd3 Kh8 24. Kb2 c6 25. dxc6 Bxc6 26. exf5 e4 27. fxe4 Bxe4 28. Nxe4 Rxc2+ 29. Rxc2 Nxe4+ 30. Bd4 gxf5 31. g4 Qa7 32. Bxg7+ Qxg7+ 33. Kb1 Qe5 34. gxf5 d5 35. Bf3 Nf6 36. Re2 Qf4 37. Re6 Qxb4+ 38. Qb3 Qd4 39. Qb2 Qg1+ 40. Qc1 Qd4 41. Qc7 Rg8 42. Kc2 Qa4+ 1-0